Outsourcing ako konkurenčná výhoda

Outsourcing ako dlhodobý, obojstranne výhodný vzťah dvoch obchodných partnerov. Dôležité činnosti úspešného outsourcovania služieb. Vyčlenenie neefektívnych činností a konkurencieschopnosť. Výhody a nevýhody outsourcingu.

Salvato in:
Dettagli Bibliografici
Autore principale: Szabová, Monika
Natura: Capitolo di libro
Lingua:slovacco
Soggetti:
Tags: Aggiungi Tag
Nessun Tag, puoi essere il primo ad aggiungerne!!

MARC

LEADER 00000naa$a2200000$$$4500
001 0115247
005 20231006123709.5
041 0 |a slo 
044 |a SK 
245 1 0 |a Outsourcing ako konkurenčná výhoda  |c Monika Szabová 
520 |a Outsourcing ako dlhodobý, obojstranne výhodný vzťah dvoch obchodných partnerov. Dôležité činnosti úspešného outsourcovania služieb. Vyčlenenie neefektívnych činností a konkurencieschopnosť. Výhody a nevýhody outsourcingu. 
610 2 0 |a outsourcing 
610 2 0 |a metódy organizácie 
610 2 0 |a metódy riadenia 
610 2 0 |a manažment komunikačný 
610 2 0 |a výkony podnikové 
610 2 0 |a výhody konkurenčné 
100 1 |a Szabová, Monika